[Event "27th Open"]
[Site "Cappelle la Grande FRA"]
[Date "2011.02.26"]
[Round "1"]
[White "Sasikiran,K"]
[Black "Calistri,T"]
[Result "1/2-1/2"]
[WhiteElo "2690"]
[BlackElo "2400"]
[EventDate "2011.02.26"]

1. d4 Nf6 2. c4 g6 3. Nc3 Bg7 4. e4 d6 5. f3 O-O 6. Bg5 c5 7. d5 h6 8. Be3
e6 9. Qd2 exd5 10. cxd5 h5 11. Bd3 Re8 12. Nge2 Nbd7 13. O-O a6 14. a4 Ne5
15. Rfb1 h4 16. Rf1 Nh7 17. Kh1 Rb8 18. Nf4 Nxd3 19. Nxd3 h3 20. g3 b5 21.
axb5 axb5 22. b4 c4 23. Nf4 Nf6 24. Nfe2 Nd7 25. Nd4 Ne5 26. Nc6 Nxc6 27.
dxc6 Qc7 28. Bd4 Qxc6 29. Bxg7 Kxg7 30. Qd4+ f6 31. Nd5 Rf8 32. g4 Qe8 33.
g5 Qe5 34. gxf6+ Kh7 35. Qe3 Be6 36. Ra7+ Rf7 37. f4 Qh5 38. f5 gxf5 39.
Nf4 Qh6 40. exf5 Bd7 41. Rf3 Re8 42. Qf2 Qxf6 43. Rxh3+ Kg8 44. Rg3+ Kh7
45. Rh3+ Kg8 46. Rg3+ Kh7 47. Rg6 Bc6+ 48. Kg1 Re1+ 49. Qxe1 Qd4+ 50. Qf2
Qd1+ 51. Qf1 Qd4+ 1/2-1/2

[Event "27th Open"]
[Site "Cappelle la Grande FRA"]
[Date "2011.02.26"]
[Round "1"]
[White "Pacher,M"]
[Black "Zhigalko,S"]
[Result "0-1"]
[WhiteElo "2399"]
[BlackElo "2671"]
[EventDate "2011.02.26"]

1. d4 Nf6 2. c4 e6 3. Nc3 Bb4 4. Qc2 O-O 5. a3 Bxc3+ 6. Qxc3 d6 7. Bg5 Nbd7
8. f3 b6 9. e4 c5 10. Nh3 Ba6 11. Be2 h6 12. Be3 Qc7 13. Rd1 Rad8 14. d5
exd5 15. exd5 Rfe8 16. O-O b5 17. b3 bxc4 18. Rfe1 Ne5 19. bxc4 Qd7 20. Nf2
Qa4 21. Rc1 Rb8 22. f4 Rb3 23. Qc2 Nxc4 24. Bd1 Rbxe3 0-1

[Event "27th Open"]
[Site "Cappelle la Grande FRA"]
[Date "2011.02.26"]
[Round "1"]
[White "Harikrishna,P"]
[Black "Foisor,O"]
[Result "1-0"]
[WhiteElo "2667"]
[BlackElo "2397"]
[EventDate "2011.02.26"]

1. d4 g6 2. Nf3 Bg7 3. c3 Nf6 4. Bg5 d6 5. Nbd2 Nbd7 6. e4 h6 7. Bh4 e5 8.
Bd3 Qe7 9. O-O g5 10. Bg3 Nh5 11. Nc4 Nf4 12. Ne3 Nf6 13. Re1 O-O 14. Bf1
Re8 15. dxe5 dxe5 16. Qc2 Bd7 17. h4 Ng4 18. hxg5 hxg5 19. Nd5 Nxd5 20.
exd5 e4 21. Nd4 Qc5 22. Rxe4 Qxd5 23. Rxe8+ Rxe8 24. Qb3 Qxb3 25. axb3 Nf6
26. Bxc7 a6 27. Rd1 Bc8 28. Nf3 g4 29. Ne5 Be6 30. Bc4 Bh6 31. Bxe6 Rxe6
32. Rd8+ Kg7 33. Nd3 Ne4 34. Be5+ f6 35. Rd4 Nxf2 36. Kxf2 fxe5 37. Rxg4+
Kf6 38. Nc5 Re7 39. Rb4 Bc1 40. Nd3 Bg5 41. Kf3 b5 42. Nc5 Ra7 43. Re4 Bh6
44. Nd3 Re7 45. b4 Re6 46. Re1 Bf8 47. Ke4 Bd6 48. Ra1 Be7 49. Nc5 Bxc5 50.
bxc5 Ke7 51. g4 1-0

[Event "27th Open"]
[Site "Cappelle la Grande FRA"]
[Date "2011.02.26"]
[Round "1"]
[White "Batsiashvili,N"]
[Black "Kryvoruchko,Y"]
[Result "1/2-1/2"]
[WhiteElo "2396"]
[BlackElo "2640"]
[EventDate "2011.02.26"]

1. d4 Nf6 2. Nf3 b6 3. g3 Bb7 4. Bg2 e6 5. O-O c5 6. c3 Be7 7. Bg5 O-O 8.
Nbd2 d6 9. Re1 h6 10. Bxf6 Bxf6 11. e4 cxd4 12. cxd4 Nc6 13. e5 Be7 14. d5
exd5 15. e6 Bf6 16. Nb3 Bxb2 17. Rb1 Bf6 18. Qxd5 Rb8 19. Qf5 fxe6 20.
Qxe6+ Kh8 21. Rbd1 Re8 22. Qxe8+ Qxe8 23. Rxe8+ Rxe8 24. Rxd6 Nb4 25. Rd7
Bd5 26. Nfd2 Re1+ 27. Nf1 Be6 28. Rxa7 Nxa2 29. Rxa2 Bxb3 30. Ra8+ Kh7 31.
Rb8 Bd4 32. h4 h5 33. Rd8 Bc5 34. Bd5 Be7 35. Rd7 Ba4 36. Rc7 Bd6 37. Rc8
Bc5 38. Bc4 Kg6 39. Kg2 Bd7 40. Rc7 Re7 41. Kg1 Ba4 42. Rxe7 Bxe7 43. Ne3
Bc5 44. Nd5 Kf5 45. Nf4 Be8 46. Be2 g6 47. Bd3+ Kf6 48. Kf1 Bf7 49. Ke2 Bd6
50. Ke3 Be8 51. Nd5+ Ke5 52. Nf4 Kf6 53. Nd5+ Kg7 54. Nc3 Be5 55. Nb5 Kf6
56. Nd4 Bd6 57. Ke4 Bc5 58. Be2 Bd7 59. Ba6 Bh3 60. f3 Bg2 61. Bb7 Bh3 62.
g4 Bb4 63. gxh5 gxh5 64. Bc6 Kf7 65. Bd5+ Kg7 66. Bc6 Be1 67. Be8 Kh6 68.
Nf5+ Bxf5+ 69. Kxf5 Bxh4 70. f4 1/2-1/2

[Event "27th Open"]
[Site "Cappelle la Grande FRA"]
[Date "2011.02.26"]
[Round "1"]
[White "Mareco,S"]
[Black "Petkevich,J"]
[Result "1-0"]
[WhiteElo "2627"]
[BlackElo "2394"]
[EventDate "2011.02.26"]

1. d4 Nf6 2. c4 c5 3. d5 d6 4. Nc3 g6 5. e4 Bg7 6. h3 O-O 7. Nf3 e6 8. Bd3
exd5 9. exd5 Re8+ 10. Be3 b5 11. Nxb5 Ne4 12. O-O a6 13. Nc3 Nxc3 14. bxc3
Bxc3 15. Rc1 Bg7 16. Bf4 Bf8 17. Bc2 Nd7 18. Ba4 Re4 19. Bg5 Be7 20. Be3
Ne5 21. Nd2 Rxe3 22. fxe3 Bg5 23. Qe2 Bf5 24. Bc2 Bxc2 25. Rxc2 Qe7 26. Kh1
Re8 27. Rb2 f5 28. Rfb1 Nf7 29. Rb7 Qf8 30. Nf3 Rxe3 31. Qf2 Re8 32. Rxf7
1-0

[Event "27th Open"]
[Site "Cappelle la Grande FRA"]
[Date "2011.02.26"]
[Round "1"]
[White "Butkiewicz,L"]
[Black "Vuckovic,Bo"]
[Result "0-1"]
[WhiteElo "2394"]
[BlackElo "2623"]
[EventDate "2011.02.26"]

1. e4 c6 2. d4 d5 3. Nc3 dxe4 4. Nxe4 Bf5 5. Ng3 Bg6 6. h4 h6 7. Nf3 Nd7 8.
h5 Bh7 9. Bd3 Bxd3 10. Qxd3 e6 11. Bd2 Ngf6 12. O-O-O Be7 13. Ne4 O-O 14.
Nxf6+ Nxf6 15. Ne5 c5 16. dxc5 Qc7 17. Bc3 Rfd8 18. Qf3 Bxc5 19. Ng4 Nd5
20. Be5 Bd6 21. Rxd5 exd5 22. Nxh6+ Kf8 23. Bxd6+ Rxd6 24. Nf5 Rc8 25. c3
Re6 26. Rd1 Rd8 27. Qg4 Qe5 28. f4 Qf6 29. Rh1 Kg8 30. h6 g6 31. h7+ Kh8
32. Nd4 Re4 33. g3 Rxd4 34. cxd4 Qxd4 35. Rd1 Qe4 36. b3 d4 37. Kb2 d3 38.
Ka3 Qd4 39. Qh4 Rd6 0-1

[Event "27th Open"]
[Site "Cappelle la Grande FRA"]
[Date "2011.02.26"]
[Round "1"]
[White "Gurevich,M"]
[Black "Nguyen,P"]
[Result "1-0"]
[WhiteElo "2613"]
[BlackElo "2394"]
[EventDate "2011.02.26"]

1. c4 c5 2. g3 g6 3. Bg2 Bg7 4. Nc3 Nc6 5. a3 e5 6. Nf3 Nge7 7. O-O O-O 8.
Ne1 d6 9. Nc2 Be6 10. Ne3 a6 11. b4 Rb8 12. bxc5 dxc5 13. Rb1 f5 14. d3 Qd6
15. Ned5 Rfd8 16. Bg5 h6 17. Bxe7 Nxe7 18. Rb6 Nc6 19. Qb3 Rd7 20. Rb1 e4
21. dxe4 Rf8 22. e3 Rff7 23. Qc2 Qf8 24. Nf4 Bxc4 25. Ncd5 Ne5 26. Nxg6
Nxg6 27. Rxg6 b5 28. Rd1 Qd8 29. Rxa6 Rf8 30. Re6 fxe4 31. Qxe4 Bb3 32. Re7
Bxd5 33. Rxd7 Qxd7 34. Rxd5 Qf7 35. Qc2 b4 36. axb4 cxb4 37. Rb5 1-0

[Event "27th Open"]
[Site "Cappelle la Grande FRA"]
[Date "2011.02.26"]
[Round "1"]
[White "Benitah,Y"]
[Black "Iturrizaga,E"]
[Result "0-1"]
[WhiteElo "2389"]
[BlackElo "2611"]
[EventDate "2011.02.26"]

1. d4 g6 2. c4 Bg7 3. e4 d6 4. Nf3 Bg4 5. Be2 Nc6 6. Be3 e5 7. d5 Bxf3 8.
Bxf3 Nd4 9. Bxd4 exd4 10. O-O Ne7 11. Nd2 O-O 12. b4 a5 13. b5 Nc8 14. Rc1
Nb6 15. Bg4 f5 16. exf5 gxf5 17. Bh3 Nd7 18. Nb3 Qf6 19. a4 Nb6 20. Nd2 Bh6
21. Ra1 Rae8 22. Ra3 Kh8 23. Rf3 Nxa4 24. Rxf5 Qg7 25. Rxf8+ Rxf8 26. Nb3
Nb2 27. Qa1 d3 28. Qxa5 Nxc4 29. Qa2 Ne3 30. Rb1 Nxd5 0-1

[Event "27th Open"]
[Site "Cappelle la Grande FRA"]
[Date "2011.02.26"]
[Round "1"]
[White "Pantsulaia,L"]
[Black "Nguyen Chi Minh"]
[Result "1-0"]
[WhiteElo "2610"]
[BlackElo "2389"]
[EventDate "2011.02.26"]

1. Nf3 Nf6 2. c4 e6 3. Nc3 b6 4. g3 Bb7 5. Bg2 Be7 6. O-O O-O 7. d4 Na6 8.
a3 Ne4 9. Nxe4 Bxe4 10. b4 c6 11. Qb3 b5 12. c5 Nc7 13. Bd2 Bf6 14. Ne5
Bxg2 15. Kxg2 d6 16. cxd6 Qxd6 17. Nf3 Bxd4 18. Rad1 e5 19. e3 Bb6 20. Bc3
Qe6 21. Qxe6 Nxe6 22. Nxe5 c5 23. Nd7 Rfd8 24. Rd5 Nf8 25. Nxb6 axb6 26.
Rxd8 Rxd8 27. Rb1 c4 28. Ra1 Ne6 29. a4 bxa4 30. Rxa4 b5 31. Ra5 f6 32.
Rxb5 Rd3 33. Be1 Rd1 34. Kf1 Ng5 35. Ke2 Rb1 36. Bc3 Ne4 37. Bd4 c3 38. Kd3
f5 39. Rxf5 Rxb4 40. Kxe4 1-0

[Event "27th Open"]
[Site "Cappelle la Grande FRA"]
[Date "2011.02.26"]
[Round "1"]
[White "Miedema,R"]
[Black "Burmakin,V"]
[Result "1/2-1/2"]
[WhiteElo "2387"]
[BlackElo "2603"]
[EventDate "2011.02.26"]

1. d4 c6 2. c4 d5 3. cxd5 cxd5 4. Nf3 Nf6 5. Nc3 e6 6. Bf4 Bd6 7. Bg3 a6 8.
e3 b5 9. Bd3 Bb7 10. Rc1 O-O 11. a3 Nc6 12. b4 Bxg3 13. hxg3 g6 14. Rh4 Re8
15. Ne5 Rc8 16. f4 Qe7 17. Kf2 Nxe5 18. fxe5 Ne4+ 19. Bxe4 dxe4 20. Qh1 h5
21. g4 f6 22. gxh5 g5 23. Rh3 fxe5 24. Qd1 Qf6+ 25. Kg1 exd4 26. Qxd4 Qxd4
27. exd4 Red8 28. Rd1 Rc4 29. Rg3 Kh7 30. Rf1 Rd7 31. Ne2 Rc2 32. Re3 Rd2
33. Rf6 Bd5 34. Rg6 Bc4 35. Nc3 Rg7 36. Rxg7+ Kxg7 37. Nxe4 Rd1+ 38. Kf2
Kh6 39. g4 Rxd4 40. Kg3 Rd1 41. Rf3 Rg1+ 42. Kh3 Bf1+ 43. Kh2 Rg2+ 44. Kh3
Rg1+ 45. Kh2 Rg2+ 46. Kh3 1/2-1/2

[Event "27th Open"]
[Site "Cappelle la Grande FRA"]
[Date "2011.02.26"]
[Round "1"]
[White "Zakhartsov,Vi"]
[Black "Cabrera Trujillo,J"]
[Result "1/2-1/2"]
[WhiteElo "2602"]
[BlackElo "2382"]
[EventDate "2011.02.26"]

1. d4 Nf6 2. c4 g6 3. Nc3 Bg7 4. e4 O-O 5. Nf3 d6 6. h3 e5 7. d5 Na6 8. Bg5
h6 9. Be3 Nc5 10. Nd2 a5 11. Be2 Bd7 12. g4 c6 13. h4 a4 14. g5 hxg5 15.
hxg5 Nh7 16. Rg1 Qa5 17. Qc2 Rfe8 18. Bg4 Bxg4 19. Rxg4 a3 20. bxa3 Qxa3
21. Rb1 Bf8 22. Ke2 Be7 23. Qb2 Reb8 24. Rg3 Qxb2 25. Rxb2 Nd7 26. Rg1 c5
27. Rb3 b6 28. f4 exf4 29. Bxf4 Re8 30. Kd3 Bd8 31. Nf3 Ne5+ 32. Bxe5 dxe5
33. a4 Kg7 34. Rb2 Rh8 35. d6 Nf8 36. Rh2 Rxh2 37. Nxh2 Ne6 38. Nf3 f6 39.
gxf6+ Bxf6 40. Rb1 g5 41. Ke3 Rh8 42. Nd5 Rh3 43. Kf2 g4 44. Ng1 Bh4+ 45.
Kg2 Ra3 46. Ne2 Rxa4 47. Rh1 Bg5 48. Kg3 Rxc4 1/2-1/2

[Event "27th Open"]
[Site "Cappelle la Grande FRA"]
[Date "2011.02.26"]
[Round "1"]
[White "Radulski,J"]
[Black "Kuipers,S"]
[Result "1/2-1/2"]
[WhiteElo "2590"]
[BlackElo "2381"]
[EventDate "2011.02.26"]

1. e4 c5 2. Nf3 Nc6 3. d4 cxd4 4. Nxd4 Nf6 5. Nc3 e5 6. Ndb5 d6 7. Bg5 a6
8. Na3 b5 9. Nd5 Be7 10. Bxf6 Bxf6 11. c3 Bg5 12. Nc2 Ne7 13. Ncb4 O-O 14.
h4 Bh6 15. g4 Nxd5 16. Nxd5 Bf4 17. Qf3 Bb7 18. Bd3 Bxd5 19. exd5 Qb6 20.
h5 a5 21. Qe4 g6 22. hxg6 hxg6 23. Ke2 Kg7 24. Rh3 Rh8 25. Rah1 b4 26. Rxh8
Rxh8 27. Rxh8 Kxh8 28. cxb4 axb4 29. Qc4 Kg7 30. Kf1 Bg5 31. Qe4 Bc1 32. b3
Bg5 33. Kg2 1/2-1/2

[Event "27th Open"]
[Site "Cappelle la Grande FRA"]
[Date "2011.02.26"]
[Round "1"]
[White "Collas,D"]
[Black "Spasov,V"]
[Result "1/2-1/2"]
[WhiteElo "2377"]
[BlackElo "2590"]
[EventDate "2011.02.26"]

1. d4 Nf6 2. Nf3 g6 3. Nbd2 Bg7 4. e4 d6 5. c3 O-O 6. a4 Nbd7 7. a5 e5 8.
dxe5 Nxe5 9. Nxe5 dxe5 10. Be2 b6 11. axb6 cxb6 12. O-O Qc7 13. Qa4 a6 14.
Qb4 Rd8 15. Nc4 b5 16. Qa5 Qxa5 17. Nxa5 Nxe4 18. Bf3 f5 19. Bxe4 fxe4 20.
Be3 Bf8 21. Rfc1 Be6 22. c4 bxc4 23. Nxc4 Rac8 24. Nb6 Rxc1+ 25. Rxc1 Bb3
26. h3 Rd1+ 27. Rxd1 Bxd1 28. Nd7 Be7 29. Nc5 a5 30. Nxe4 a4 31. f3 Kf7 32.
Kf2 Bc2 33. Ke2 h5 34. Nc5 Bxc5 1/2-1/2

[Event "27th Open"]
[Site "Cappelle la Grande FRA"]
[Date "2011.02.26"]
[Round "1"]
[White "Shalnev,N"]
[Black "Georgiev,Vl"]
[Result "1/2-1/2"]
[WhiteElo "2367"]
[BlackElo "2579"]
[EventDate "2011.02.26"]

1. e4 e5 2. Nf3 Nc6 3. Bb5 a6 4. Ba4 Nf6 5. d3 Bc5 6. c3 b5 7. Bb3 O-O 8.
Qe2 Re8 9. Be3 Bxe3 10. Qxe3 d5 11. h3 d4 12. cxd4 Nxd4 13. Nxd4 exd4 14.
Qf3 Be6 15. Nd2 Bxb3 16. axb3 Nd5 17. O-O Nb4 18. Rfc1 Qd6 19. Nf1 c5 20.
Rd1 Qe6 21. Nd2 Rac8 22. Rac1 Rc6 23. Ra1 Qc8 24. Rac1 Rf6 25. Qe2 Rg6 26.
Kh2 f5 27. e5 Nd5 28. Rg1 Qc6 29. g3 f4 30. Qe4 Nb4 31. gxf4 Qxe4 32. dxe4
Nd3 33. Rxg6 hxg6 34. Ra1 Nxf4 35. Rxa6 Rxe5 36. Nf3 Re8 37. Rd6 Kf8 38. b4
d3 1/2-1/2

[Event "27th Open"]
[Site "Cappelle la Grande FRA"]
[Date "2011.02.26"]
[Round "1"]
[White "Arutinian,D"]
[Black "Payen,Ar"]
[Result "1/2-1/2"]
[WhiteElo "2578"]
[BlackElo "2367"]
[EventDate "2011.02.26"]

1. d4 d5 2. c4 e6 3. Nf3 Nf6 4. e3 Bb4+ 5. Nc3 O-O 6. Bd3 c5 7. O-O dxc4 8.
Bxc4 b6 9. Qe2 Bb7 10. Rd1 Nbd7 11. d5 Bxc3 12. dxe6 Bxf3 13. Qxf3 Ne5 14.
Qe2 Qe7 15. exf7+ Kh8 16. bxc3 Ne4 17. Bd3 Nxc3 18. Qh5 Nxd3 19. Rxd3 Na4
20. Qg4 Qxf7 1/2-1/2

[Event "27th Open"]
[Site "Cappelle la Grande FRA"]
[Date "2011.02.26"]
[Round "1"]
[White "Spraggett,K"]
[Black "Lejlic,S"]
[Result "1-0"]
[WhiteElo "2575"]
[BlackElo "2361"]
[EventDate "2011.02.26"]

1. e4 e5 2. Nf3 Nc6 3. Bb5 a6 4. Ba4 d6 5. O-O Bd7 6. d4 b5 7. Bb3 Nxd4 8.
Nxd4 exd4 9. c3 dxc3 10. Qh5 Qe7 11. Nxc3 Nf6 12. Qf3 c6 13. Bf4 Ng4 14.
Rad1 Ne5 15. Qe3 Bg4 16. Rd2 Qc7 17. Qg3 Be6 18. Bxe6 fxe6 19. Bxe5 dxe5
20. Rfd1 Bc5 21. Rd7 Qxd7 22. Rxd7 Kxd7 23. Qxe5 Be7 24. Qd4+ Kc7 25. Qxg7
Rhe8 26. e5 Rad8 27. g3 Rd7 28. Qxh7 Red8 29. Qg6 Bb4 30. Ne4 Rd1+ 31. Kg2
R8d4 32. a3 Be7 33. h4 Re1 34. Qxe6 Bxa3 35. bxa3 Rdxe4 36. f4 R4e2+ 37.
Kh3 Re3 38. Qd6+ Kb7 39. h5 Rg1 40. Qd7+ Kb8 41. Kg4 Rgxg3+ 42. Kf5 Rh3 43.
Qxc6 Rxh5+ 44. Kg4 Rhh3 45. Qb6+ Kc8 46. Qxa6+ Kd8 47. Qd6+ Ke8 48. e6 Rd3
49. Qc7 Rhe3 50. Qf7+ Kd8 51. Qf5 Ke8 1-0

[Event "27th Open"]
[Site "Cappelle la Grande FRA"]
[Date "2011.02.26"]
[Round "1"]
[White "Demuth,A"]
[Black "Fier,A"]
[Result "1-0"]
[WhiteElo "2360"]
[BlackElo "2571"]
[EventDate "2011.02.26"]

1. d4 Nf6 2. c4 e6 3. Nf3 b6 4. a3 Ba6 5. Qc2 Bb7 6. Nc3 c5 7. dxc5 Bxc5 8.
Bf4 O-O 9. Rd1 Re8 10. e3 h6 11. h3 Nc6 12. Be2 Rc8 13. O-O Bf8 14. b4 a5
15. b5 Ne7 16. Ne5 Nf5 17. e4 Nd6 18. Rxd6 Bxd6 19. Nxf7 Kxf7 20. Bxd6 Kg8
21. e5 Nh7 22. f4 Qh4 23. Kh2 Nf8 24. Qd3 Kh8 25. Na4 Qd8 26. Qd4 Ng6 27.
g3 Ne7 28. Bd3 Nf5 29. Bxf5 exf5 30. Nxb6 Re6 31. Nxc8 Qxc8 32. Qc5 Qg8 33.
Qc7 Be4 34. b6 Qa8 35. Rb1 Bb7 36. Qxd7 Re8 37. c5 Rc8 38. e6 Rd8 39. Qb5
Qc8 40. Re1 Bc6 41. Qd3 Re8 42. Qxf5 Bb7 43. Bc7 Ba8 44. Qf7 Kh7 45. Be5
Rg8 46. f5 1-0

[Event "27th Open"]
[Site "Cappelle la Grande FRA"]
[Date "2011.02.26"]
[Round "1"]
[White "Gajewski,G"]
[Black "Bargan,Se"]
[Result "1-0"]
[WhiteElo "2569"]
[BlackElo "2359"]
[EventDate "2011.02.26"]

1. d4 Nf6 2. c4 c5 3. d5 b5 4. cxb5 a6 5. bxa6 Bxa6 6. Nc3 g6 7. e4 Bxf1 8.
Kxf1 d6 9. g3 Bg7 10. f4 Nbd7 11. Nf3 O-O 12. Kg2 Nb6 13. Qe2 Qc8 14. Rd1
Qa6 15. Qxa6 Rxa6 16. e5 Nfd7 17. Re1 c4 18. Be3 dxe5 19. fxe5 Nxe5 20.
Nxe5 Bxe5 21. Bxb6 Bxc3 22. bxc3 Rxb6 23. Rxe7 Rb2+ 24. Kf3 Rd2 25. a4 Rxd5
26. a5 Ra8 27. a6 Rd3+ 28. Ke4 Rxc3 29. Kd4 Rc2 30. a7 c3 31. Kd3 Rxh2 32.
Kxc3 Kf8 33. Rb7 Re2 34. Kd4 h5 35. Kd5 Re7 36. Rb8+ Re8 37. Rxe8+ Kxe8 38.
Kc6 Ke7 39. Kb7 Rxa7+ 40. Rxa7 Ke6 41. Ra5 f6 42. Kc6 g5 43. Rd5 h4 44.
gxh4 gxh4 45. Kc5 1-0

[Event "27th Open"]
[Site "Cappelle la Grande FRA"]
[Date "2011.02.26"]
[Round "1"]
[White "Milchev,N"]
[Black "Kravtsiv,M"]
[Result "1/2-1/2"]
[WhiteElo "2358"]
[BlackElo "2566"]
[EventDate "2011.02.26"]

1. Nf3 Nf6 2. c4 e6 3. g3 a6 4. Bg2 b5 5. O-O bxc4 6. Qa4 Bb7 7. Qxc4 d5 8.
Qb3 Qc8 9. d4 c5 10. dxc5 Bxc5 11. Be3 Bxe3 12. Qxe3 Nbd7 13. Rc1 Qd8 14.
Nbd2 O-O 15. Ne5 Nxe5 16. Qxe5 Qb6 17. h3 Rfc8 18. Nb3 Nd7 19. Qd4 Qxd4 20.
Nxd4 Nb6 21. b3 Kf8 22. f4 Ke7 23. Kf2 g6 24. g4 Kd6 25. g5 Nd7 26. h4 Rxc1
1/2-1/2

[Event "27th Open"]
[Site "Cappelle la Grande FRA"]
[Date "2011.02.26"]
[Round "1"]
[White "Leon Hoyos,M"]
[Black "Frois,A"]
[Result "1-0"]
[WhiteElo "2565"]
[BlackElo "2353"]
[EventDate "2011.02.26"]

1. e4 c5 2. Nf3 Nc6 3. d4 cxd4 4. Nxd4 g6 5. c4 Nf6 6. Nc3 d6 7. f3 Nxd4 8.
Qxd4 Bg7 9. Be3 O-O 10. Qd2 Be6 11. Rc1 Qa5 12. b3 Rfc8 13. Be2 a6 14. Na4
Qxd2+ 15. Kxd2 Nd7 16. g4 Rf8 17. Rhg1 Kh8 18. f4 f5 19. exf5 gxf5 20. h3
Rad8 21. Bd3 Rb8 22. Nc3 Nc5 23. Bb1 b5 24. cxb5 axb5 25. Ne2 Bd5 26. Bxc5
dxc5 27. Rxc5 Rbd8 28. Ke3 Be4 29. Rxb5 Bxb1 30. Rxb1 e5 31. gxf5 Rxf5 32.
Ke4 Rh5 33. fxe5 Rh4+ 34. Kf3 Rxh3+ 35. Ng3 Rh2 36. e6 Bf6 37. Rh1 Rd3+ 38.
Ke4 Rd4+ 39. Ke3 Rxa2 40. Rb8+ Rd8 41. Rxd8+ Bxd8 42. Rd1 Bb6+ 43. Ke4 Kg7
44. Rd6 Bc5 45. Rd7+ Kf6 46. Kd5 Bb4 47. Ne4+ Kg6 48. Rb7 Ra5+ 49. Kc6 Bf8
1-0

[Event "27th Open"]
[Site "Cappelle la Grande FRA"]
[Date "2011.02.26"]
[Round "1"]
[White "Jankovic,A"]
[Black "De Verdier,M"]
[Result "1-0"]
[WhiteElo "2564"]
[BlackElo "2351"]
[EventDate "2011.02.26"]

1. d4 Nf6 2. Nf3 e6 3. c4 Bb4+ 4. Nbd2 O-O 5. a3 Be7 6. g3 b6 7. Bg2 Bb7 8.
O-O d5 9. b3 c5 10. Bb2 Nc6 11. cxd5 exd5 12. Rc1 Nxd4 13. Nxd4 cxd4 14.
Nf3 Ne4 15. Nxd4 Bf6 16. Rc2 Qd7 17. Qa1 Rac8 18. Rxc8 Rxc8 19. Rd1 h6 20.
a4 a6 21. e3 Bxd4 22. Bxd4 Qf5 23. f3 Ng5 24. Rf1 Rc2 25. Qd1 Qc8 26. Bxb6
Qc3 27. Bd4 Qxb3 28. Rf2 Rb2 29. Qxb3 Rxb3 30. Rc2 Ne6 31. a5 Rb4 32. Bb6
Rc4 33. Rxc4 dxc4 34. Kf2 f5 35. Bf1 c3 36. Bd3 g6 37. h4 Kf7 38. Bc2 Ke7
39. Ke2 Kd6 40. h5 Ng5 41. hxg6 Bxf3+ 42. Kd3 Ke7 43. Kxc3 Kf6 44. Bd3 Bb7
45. g4 Ne4+ 46. Kd4 Kxg6 47. Ke5 Kg5 48. gxf5 Nf2 49. Bd8+ 1-0

[Event "27th Open"]
[Site "Cappelle la Grande FRA"]
[Date "2011.02.26"]
[Round "1"]
[White "Bernard,Ch1"]
[Black "Mirzoev,A"]
[Result "1-0"]
[WhiteElo "2348"]
[BlackElo "2563"]
[EventDate "2011.02.26"]

1. d4 d5 2. c4 c6 3. Nf3 Nf6 4. Qc2 dxc4 5. Qxc4 e6 6. Nc3 b5 7. Qb3 Nbd7
8. g3 a6 9. Bg2 Bb7 10. Ne5 Nxe5 11. dxe5 Nd7 12. O-O Nxe5 13. Rd1 Nd7 14.
Ne4 Qb6 15. Bf4 Be7 16. Nd6+ Bxd6 17. Rxd6 O-O-O 18. Qc3 Nf6 19. Rxc6+ Bxc6
20. Bxc6 Rd4 21. Bxb5+ Kb7 22. Bc6+ Ka7 23. Be3 e5 24. Bg2 Rhd8 25. h3 h5
26. Rc1 Kb8 27. Bxd4 exd4 28. Qf3 Ka7 29. Rc6 Qb8 30. Qa3 Qb5 31. Rc7+ Kb8
32. Rxf7 1-0

[Event "27th Open"]
[Site "Cappelle la Grande FRA"]
[Date "2011.02.26"]
[Round "1"]
[White "Kovchan,A"]
[Black "Nilsson,S"]
[Result "1-0"]
[WhiteElo "2561"]
[BlackElo "2344"]
[EventDate "2011.02.26"]

1. e4 c5 2. Nf3 d6 3. d4 cxd4 4. Nxd4 Nf6 5. Nc3 a6 6. Be2 e6 7. O-O Be7 8.
Nb3 O-O 9. Bf4 Qc7 10. a4 b6 11. Qd3 Nc6 12. Rfd1 Rd8 13. Rd2 Bb7 14. Rad1
Ne5 15. Qe3 Rac8 16. h3 Rd7 17. Bg3 Qd8 18. f3 Qc7 19. Bf2 Bd8 20. f4 Nc6
21. f5 exf5 22. exf5 Ne5 23. Rd4 Qc6 24. Qg3 Be7 25. Nd2 Rdd8 26. Nc4 Qc7
27. Ne3 Bf8 28. R1d2 Re8 29. Ncd5 Nxd5 30. Nxd5 Bxd5 31. Rxd5 Nc4 32. Bxc4
Qxc4 33. b3 Qc6 34. c4 Rb8 35. Bd4 Kh8 36. h4 f6 37. Bf2 Re5 38. Qf3 Qc7
39. Bg3 Rxd5 40. Rxd5 Re8 41. Qd3 Qc6 42. Kh2 h6 43. Qf3 Qc7 44. Kh3 Kh7
45. Rd3 Qc5 46. Bf2 Qc7 47. Re3 Rb8 48. Qd5 Rd8 49. Re6 Rc8 50. Qe4 b5 51.
axb5 axb5 52. cxb5 Qc3+ 53. Qf3 Qxf3+ 54. gxf3 Rc3 55. Re3 Rc5 56. Re8 Rxf5
57. b6 Rxf3+ 58. Kg2 Rxb3 59. Rxf8 1-0

[Event "27th Open"]
[Site "Cappelle la Grande FRA"]
[Date "2011.02.26"]
[Round "1"]
[White "Vozovic,O"]
[Black "Sanikidze,T"]
[Result "0-1"]
[WhiteElo "2341"]
[BlackElo "2559"]
[EventDate "2011.02.26"]

1. Nf3 Nf6 2. g3 g6 3. b3 Bg7 4. Bb2 O-O 5. Bg2 d5 6. c4 c6 7. O-O Bg4 8.
d4 Nbd7 9. Ne5 Be6 10. Nc3 Rc8 11. cxd5 Nxd5 12. e4 Nxc3 13. Bxc3 c5 14.
Nf3 Bg4 15. h3 Bxf3 16. Bxf3 e6 17. b4 cxd4 18. Bxd4 Rc4 19. Bxg7 Kxg7 20.
Qa4 Ne5 21. Bg2 a6 22. Rab1 Nc6 23. a3 Nd4 24. e5 Ne2+ 25. Kh2 Nc3 26. Qb3
Nxb1 27. Qxc4 Nd2 28. Qf4 Nxf1+ 29. Bxf1 Qe7 30. Bg2 Rc8 31. h4 h5 32. Qe4
b5 33. Qe3 Rc2 34. Be4 Rc4 35. Kg2 Qd8 36. Bf3 Kg8 37. Qa7 Qd4 38. Qxd4
Rxd4 39. Bb7 a5 40. bxa5 Ra4 41. a6 Rxa3 42. Kf1 Kf8 43. Ke2 Ke7 44. Kd2
Kd8 45. Kc2 Kc7 46. Kb2 b4 0-1

[Event "27th Open"]
[Site "Cappelle la Grande FRA"]
[Date "2011.02.26"]
[Round "1"]
[White "Hebden,M"]
[Black "Sedina,E"]
[Result "1/2-1/2"]
[WhiteElo "2558"]
[BlackElo "2339"]
[EventDate "2011.02.26"]

1. d4 d5 2. Nf3 Nf6 3. c4 c6 4. e3 Bf5 5. cxd5 cxd5 6. Qb3 Qc7 7. Bd2 Nc6
8. Bb5 e6 9. O-O Bd6 10. Bb4 O-O 11. Bxc6 Bxb4 12. Qxb4 Qxc6 13. Ne5 Qc7
14. Nc3 Rac8 15. Nb5 Qb6 16. a4 a6 17. Qd6 Qd8 18. Qxd8 Rfxd8 19. Nc3 Nd7
20. Nf3 f6 21. a5 Rc6 22. Nd2 Rdc8 23. f3 Bd3 24. Rfd1 Bc2 25. Re1 b5 26.
Na2 Nb8 27. Nb4 R6c7 28. e4 dxe4 29. fxe4 f5 30. d5 Bxe4 31. Nxe4 fxe4 32.
dxe6 Rc4 33. Nd5 Re8 34. e7 Nc6 35. Rac1 Rxc1 36. Rxc1 Nxe7 37. Nb4 Nf5 38.
Nxa6 Ra8 39. Nc5 Rxa5 40. Nxe4 Ra2 41. Rc5 Nd4 42. Rd5 Ne2+ 43. Kf1 Rxb2
44. Ng5 g6 45. Rd8+ Kg7 46. Rd7+ Kf6 47. Nxh7+ Ke6 48. Nf8+ Kf6 49. Nh7+
Ke6 50. Nf8+ Kf6 51. Nh7+ 1/2-1/2

[Event "27th Open"]
[Site "Cappelle la Grande FRA"]
[Date "2011.02.26"]
[Round "1"]
[White "Van Assendelft,F"]
[Black "Vorobiov,E"]
[Result "0-1"]
[WhiteElo "2337"]
[BlackElo "2556"]
[EventDate "2011.02.26"]

1. e4 c5 2. Nf3 e6 3. d4 cxd4 4. Nxd4 Nf6 5. Nc3 d6 6. g3 Nc6 7. Bg2 Bd7 8.
Nb3 Be7 9. Be3 Ne5 10. Qe2 Rc8 11. Rd1 Nc4 12. Bc1 b5 13. O-O b4 14. Nb1 e5
15. Rfe1 a5 16. c3 Qb6 17. N3d2 Nxd2 18. Bxd2 bxc3 19. Bxc3 a4 20. a3 Bb5
21. Qd2 Bc4 22. Ba5 Qa6 23. Bb4 Bb3 24. Rc1 O-O 25. Rxc8 Rxc8 26. Nc3 h6
27. Bf3 Qb7 28. Bd1 Rc4 29. Bxb3 axb3 30. Qe2 Qc6 31. f3 Bd8 32. Qd1 Bb6+
33. Kg2 Rd4 34. Qxb3 Rd2+ 35. Ne2 Qb5 36. Kf1 Rd3 37. Qc2 Rxf3+ 38. Kg2
Rf2+ 39. Kh1 Qd7 40. Rc1 Ng4 0-1

[Event "27th Open"]
[Site "Cappelle la Grande FRA"]
[Date "2011.02.26"]
[Round "1"]
[White "Brodsky,M"]
[Black "Santos,AntonioP"]
[Result "1/2-1/2"]
[WhiteElo "2554"]
[BlackElo "2335"]
[EventDate "2011.02.26"]

1. d4 Nf6 2. c4 g6 3. Nc3 d5 4. Nf3 Bg7 5. e3 O-O 6. cxd5 Nxd5 7. Bc4 Nb6
8. Bb3 c5 9. O-O cxd4 10. exd4 Nc6 11. d5 Na5 12. Be3 Bg4 13. Re1 Nxb3 14.
axb3 Bxc3 15. Bxb6 Qxb6 16. bxc3 e6 17. c4 exd5 18. cxd5 Rad8 19. Ra4 Bxf3
20. Qxf3 Rfe8 21. Rd1 Re5 22. g4 Rd7 23. Kg2 a6 24. Rc4 Qd6 25. Rcd4 Kg7
26. h3 h6 27. Qc3 Qf6 28. Qc4 Qd6 29. R4d3 Kh7 30. Qf4 Ree7 31. Qf3 Re5 32.
R1d2 Kg7 33. Rd4 Kh7 34. Rf4 Kg7 35. Qc3 Kg8 36. Rfd4 Kh7 37. R2d3 Ree7 38.
Rc4 Qe5 39. d6 Qxc3 40. Rcxc3 Re8 41. f4 Kg7 42. Rc5 Re6 43. Rcd5 f5 44.
Kf3 Kf6 45. b4 Re4 46. b5 Rb4 47. bxa6 bxa6 48. gxf5 gxf5 49. Ra5 Rb6 50.
Rdd5 Rb5 51. Raxb5 axb5 1/2-1/2